000 00397nam a22001457a 4500
005 20200617154747.0
008 200617b xxu||||| |||| 00| 0 eng d
082 _a345.4 AIR
110 _aALL INDIA REPORTER,
_96159
245 _aALL INDIA REPORTER,[1994] VOL-81]SUPREME COURT SECTION
260 _aMUMBAI
_bALL INDIA REPORTER,PVT. LTD.
300 _a2784;p
650 _aLAW
_95701
942 _cJRL
999 _c7212
_d7210